00680nam a2200181 4500003000900000020001800009040002800027082002100055100003300076245004500109260003800154300002500192490008300217500007900300650003700379650004500416650003700461CO-ViMGA a9789585454477 aCO-ViMGAbspacCO-ViMGA04a303.609861bM64a1 aMolano Bravo, Alfredod1944-10aLos años del tropel / cAlfredo Molano aBogotá : bPenguin Random House a281 páginas b9 cm aPlan Nacional de Lectura y Escritura Leer es mi Cuento / Ministerio de Cultura aRecomendado para público adulto \ Incluye datos biográficos del autor 14aGuerrillas - Colombia - Siglo Xx14aPartidos Politicos - Colombia - Siglo Xx14aViolencia - Colombia - Siglo Xix